Countries by Scrabble Score - Statistics

General Stats
  • This quiz has been taken 2,748 times
    1,830 since last reset
  • The average score is 8 of 19
Answer Stats
Hint Answer % Correct
19 Zambia
74%
14 Qatar
70%
17 Mexico
67%
17 Brazil
64%
14 Japan
64%
13 Iraq
50%
14 Jordan
43%
13 Turkey
43%
18 Jamaica
41%
13 Kuwait
41%
17 Belize
35%
14 Fiji
35%
23 Czechia
31%
14 Denmark
31%
14 Myanmar
29%
13 Kosovo
28%
13 Cyprus
25%
14 Hungary
23%
14 Bahamas
11%
No matching quizzes found
Score Distribution
Percent of People with Each Score
Percentile by Number Answered
Your Score History
You have not taken this quiz since the last reset